Music Quiz

Random Music or The Beatles Quiz

After the Beatles: John, Paul, George, or Ringo? Quiz Stats

Quiz Updated Jun 6, 2015

Challenge
Share
Tweet
Embed
Score 0/24 Timer 05:00
2 Plays Today
Song (J)ohn, (P)aul, (G)eorge, or (R)ingo % Correct
Imagine???
87.8%
Band on the Run???
85.1%
Ebony and Ivory???
83.9%
Silly Love Songs???
78.7%
My Sweet Lord???
77.2%
Woman???
74.3%
Power to the People???
70.2%
(Just Like) Starting Over???
69.8%
Got My Mind Set on You???
68.8%
Wonderful Christmastime???
67.8%
Listen to What the Man Said???
67.4%
Uncle Albert/Admiral Halsey???
66%
Song (J)ohn, (P)aul, (G)eorge, or (R)ingo % Correct
You're Sixteen???
61.6%
Watching the Wheels???
60.5%
Whatever Gets You Through the Night???
59.7%
With a Little Luck???
58.6%
Snookeroo???
55.4%
What Is Life???
54.8%
Photograph???
54%
It Don't Come Easy???
51.1%
No No Song???
50.6%
Give Me Love (Give Me Peace on Earth)???
49.5%
All Those Years Ago???
49.4%
Nobody Told Me???
49%

You're not logged in!

Compare scores with friends on all Sporcle quizzes.
Join for Free
OR
Log In

You Might Also Like...

Show Comments

Extras

Top Quizzes Today


Score Distribution

Your Account Isn't Verified!

In order to create a playlist on Sporcle, you need to verify the email address you used during registration. Go to your Sporcle Settings to finish the process.

Report this User

Report this user for behavior that violates our Community Guidelines.

Details: